[Event "NZL-ch Rapid 131st"]
[Site "Palmerston North"]
[Date "2024.01.12"]
[Round "9.6"]
[White "Chapman, Matt"]
[Black "Fruebing, Stefan"]
[Result "0-1"]
[WhiteElo "1990"]
[BlackElo "2341"]
[PlyCount "134"]
[EventDate "2024.01.11"]
[EventType "swiss (rapid)"]
[EventRounds "9"]
[EventCountry "NZL"]
[SourceTitle "CB03_2024"]
[SourceDate "2024.01.17"]
[SourceVersion "1"]
[SourceVersionDate "2024.01.17"]
[SourceQuality "1"]

1. d4 d5 2. Bf4 Nf6 3. e3 c5 4. Nf3 Nc6 5. Nbd2 e6 6. c3 Bd6 7. dxc5 Bxc5 8. Bb5 0-0 9. Qe2 Qb6 10. 0-0 a6 11. Bxc6 bxc6 12. b4 Be7 13. Nb3 a5 14. bxa5 Qa7 15. Rfd1 Ba6 16. Qc2 c5 17. Ne5 Rfc8 18. h3 c4 19. Nd4 Qc5 20. f3 Bf8 21. Qa4 Bb7 22. Nd7 Nxd7 23. Qxd7 Bc6 24. Nxc6 Qxc6 25. Qxc6 Rxc6 26. Rdb1 Rxa5 27. Rb8 f6 28. e4 Kf7 29. Kf2 Rca6 30. Rb2 Ra3 31. exd5 exd5 32. Rc2 Bc5+ 33. Be3 Bd6 34. Bd4 Be5 35. Ke3 Re6 36. f4 Bd6+ 37. Kf3 Re4 38. Be3 f5 39. Rd1 Ke6 40. g3 g6 41. Bf2 Bb4 42. Bd4 Kd6 43. Be5+ Kc6 44. Kf2 Bc5+ 45. Kg2 Re3 46. h4 h5 47. Rdd2 Re1 48. Kf3 Rf1+ 49. Kg2 Rg1+ 50. Kf3 Ra1 51. Kg2 Be3 52. Re2 Bc5 53. Red2 Bd6 54. Bxd6 Kxd6 55. Kf3 Kc5 56. Ke2 Rb1 57. Kf3 d4 58. Rxd4 Rxc3+ 59. Rxc3 Kxd4 60. Re3 c3 61. Re2 Rb2 62. Re8 Rxa2 63. Rd8+ Kc4 64. Ke3 Rg2 65. Kf3 Ra2 66. Ke3 Kb3 67. Kd3 Rd2+ 0-1

[Event "NZL-ch Rapid 131st"]
[Site "Palmerston North"]
[Date "2024.01.12"]
[Round "5.5"]
[White "Malcolm, Leo"]
[Black "Fruebing, Stefan"]
[Result "0-1"]
[WhiteElo "1688"]
[BlackElo "2341"]
[PlyCount "123"]
[EventDate "2024.01.11"]
[EventType "swiss (rapid)"]
[EventRounds "9"]
[EventCountry "NZL"]
[SourceTitle "CB03_2024"]
[SourceDate "2024.01.17"]
[SourceVersion "1"]
[SourceVersionDate "2024.01.17"]
[SourceQuality "1"]

1. e4 e5 2. Nf3 Nc6 3. Nc3 Nf6 4. d4 exd4 5. Nxd4 Bb4 6. Nxc6 bxc6 7. Bd3 d5 8. 0-0 0-0 9. Bd2 Re8 10. Qf3 Bxc3 11. Bxc3 Nxe4 12. Bxe4 Rxe4 13. Rad1 Qh4 14. Rfe1 Bg4 15. Rxe4 Bxf3 16. Rxh4 Bxd1 17. Rb4 Bxc2 18. Rb7 Bb1 19. Rxc7 Bxa2 20. Rxc6 h6 21. Rd6 a5 22. f3 a4 23. Bb4 Re8 24. Bc3 Bc4 25. Rd7 Re2 26. Ra7 Bb3 27. h3 Re6 28. Rb7 Rc6 29. Rb4 Bc2 30. Bd4 Bb3 31. Bc3 Kh7 32. Kf2 Re6 33. Rb7 Kg6 34. Bd4 Bc4 35. Rb6 Bb3 36. Rxe6+ fxe6 37. f4 Kf7 38. h4 Bc2 39. Be5 g5 40. hxg5 hxg5 41. fxg5 Kg6 42. Ke3 Kxg5 43. g3 Kg4 44. Bd6 Bf5 45. Be5 Kh3 46. Kf2 Kg4 47. Ke3 Kg5 48. Kd4 Bg4 49. Ke3 Kf5 50. Kd4 Bd1 51. Bf4 Kg4 52. Be5 Kf3 53. Bf4 Bc2 54. Be5 Bf5 55. Bf4 Ke2 56. Be5 Kd2 57. Kc5 Kd3 58. Bd4 Ke4 59. Bf2 e5 60. Kb4 Bd7 61. Kc3 d4+ 62. Kd2 0-1

[Event "NZL-ch Rapid 131st"]
[Site "Palmerston North"]
[Date "2024.01.11"]
[Round "2.2"]
[White "Fruebing, Stefan"]
[Black "Liu, William Rui"]
[Result "1-0"]
[WhiteElo "2341"]
[BlackElo "1853"]
[PlyCount "45"]
[EventDate "2024.01.11"]
[EventType "swiss (rapid)"]
[EventRounds "9"]
[EventCountry "NZL"]
[SourceTitle "CB03_2024"]
[SourceDate "2024.01.17"]
[SourceVersion "1"]
[SourceVersionDate "2024.01.17"]
[SourceQuality "1"]

1. e4 c5 2. Nf3 Nc6 3. Bb5 g6 4. Bxc6 dxc6 5. d3 Bg7 6. h3 e5 7. a4 Ne7 8. Be3 b6 9. Na3 0-0 10. Qd2 Qc7 11. Bh6 Be6 12. h4 f6 13. h5 Bxh6 14. Qxh6 g5 15. Nxg5 fxg5 16. Qxe6+ Kh8 17. Nc4 Rae8 18. Nd6 Rb8 19. Qxe5+ Kg8 20. Qxg5+ Kh8 21. Qe5+ Kg8 22. Rh3 Nf5 23. Qe6+ 1-0

[Event "NZL-ch Rapid 131st"]
[Site "Palmerston North"]
[Date "2024.01.11"]
[Round "3.2"]
[White "Lee, Miles"]
[Black "Fruebing, Stefan"]
[Result "1-0"]
[WhiteElo "1968"]
[BlackElo "2341"]
[PlyCount "107"]
[EventDate "2024.01.11"]
[EventType "swiss (rapid)"]
[EventRounds "9"]
[EventCountry "NZL"]
[SourceTitle "CB03_2024"]
[SourceDate "2024.01.17"]
[SourceVersion "1"]
[SourceVersionDate "2024.01.17"]
[SourceQuality "1"]

1. e4 e5 2. f4 d5 3. exd5 exf4 4. Nf3 Nf6 5. Bb5+ c6 6. dxc6 Nxc6 7. Nc3 Bd6 8. Qe2+ Be6 9. Nd4 0-0 10. Nxe6 fxe6 11. Bxc6 bxc6 12. b3 e5 13. Bb2 e4 14. 0-0-0 Qe7 15. Rhe1 Rae8 16. Qc4+ Kh8 17. Qxc6 Be5 18. Kb1 Rc8 19. Qa4 e3 20. d4 Bd6 21. Re2 g5 22. h3 Nh5 23. Nb5 Ng3 24. Nxd6 Qxd6 25. d5+ Kg8 26. Qd4 Qg6 27. Rde1 Rcd8 28. a4 Rd7 29. Ka2 Nxe2 30. Rxe2 Rf5 31. c4 h5 32. Qh8+ Kf7 33. Ba3 Re7 34. Bxe7 Kxe7 35. Qb8 Qb6 36. Qh8 Qg6 37. Qc8 Re5 38. Qc7+ Kf6 39. d6 Qd3 40. d7 Qxe2+ 41. Ka3 Qd2 42. d8Q+ Qxd8 43. Qxd8+ Kf5 44. Qd3+ Re4 45. Qe2 g4 46. hxg4+ hxg4 47. c5 Ke5 48. c6 f3 49. gxf3 gxf3 50. Qxf3 e2 51. Qg3+ Kd5 52. c7 Re8 53. Qd3+ Kc6 54. Qxe2 1-0

[Event "Bundesliga 2122"]
[Site "Germany"]
[Date "2022.05.15"]
[Round "8.4"]
[White "Fruebing, Stefan"]
[Black "Fedorchuk, Sergey A"]
[Result "0-1"]
[WhiteElo "2374"]
[BlackElo "2604"]
[PlyCount "102"]
[EventDate "2022.03.05"]
[EventType "team-tourn"]
[EventRounds "15"]
[EventCountry "GER"]
[SourceTitle "EXT 2023"]
[Source "ChessBase"]
[SourceDate "2022.10.05"]
[SourceVersion "1"]
[SourceVersionDate "2022.10.05"]
[SourceQuality "1"]
[WhiteTeam "Koenig Tegel"]
[BlackTeam "Viernheim"]
[WhiteTeamCountry "GER"]
[BlackTeamCountry "GER"]

1. e4 c5 2. Nf3 e6 3. d4 cxd4 4. Nxd4 a6 5. Bd3 Ne7 6. c4 Nbc6 7. Nf3 Ng6 8. 0-0 Bc5 9. Nc3 d6 10. a3 0-0 11. b4 Ba7 12. Na4 e5 13. Bg5 f6 14. Be3 Bxe3 15. fxe3 Kh8 16. Qd2 Qc7 17. Nc3 Nce7 18. Rac1 Bd7 19. Rfd1 Rad8 20. Be2 Be6 21. a4 Bg8 22. a5 f5 23. exf5 Nxf5 24. e4 Nfe7 25. Nd5 Qd7 26. Nb6 Qe8 27. g3 h6 28. Rc3 Be6 29. Ne1 Ng8 30. Rd3 Nf6 31. Bf3 Bg4 32. Bxg4 Nxg4 33. Rf3 Nf6 34. Qe2 Ne7 35. Nc2 Qg6 36. Re1 Nh7 37. h4 Rxf3 38. Qxf3 Rf8 39. Qg2 Nf6 40. Re2 Qg4 41. Kh2 Kg8 42. Na4 Qe6 43. Ne3 Nc6 44. Rb2 Ng4+ 45. Nxg4 Qxg4 46. Qh3 Qxe4 47. Qe6+ Kh7 48. Qd5 Qxd5 49. cxd5 Nd4 50. Nc3 Rc8 51. Ne4 Nb5 0-1

[Event "Bundesliga 2122"]
[Site "Germany"]
[Date "2022.05.14"]
[Round "7.4"]
[White "Andersen, Mads"]
[Black "Fruebing, Stefan"]
[Result "1-0"]
[WhiteElo "2570"]
[BlackElo "2374"]
[PlyCount "187"]
[EventDate "2022.03.05"]
[EventType "team-tourn"]
[EventRounds "15"]
[EventCountry "GER"]
[SourceTitle "EXT 2023"]
[Source "ChessBase"]
[SourceDate "2022.10.05"]
[SourceVersion "1"]
[SourceVersionDate "2022.10.05"]
[SourceQuality "1"]
[WhiteTeam "Solingen"]
[BlackTeam "Koenig Tegel"]
[WhiteTeamCountry "GER"]
[BlackTeamCountry "GER"]

1. e4 e5 2. Nf3 Nc6 3. Bc4 Bc5 4. c3 Nf6 5. d3 0-0 6. 0-0 d5 7. exd5 Nxd5 8. Re1 Bg4 9. Nbd2 Nb6 10. h3 Bh5 11. Bb3 Qxd3 12. Nxe5 Qf5 13. Nef3 Rfe8 14. g4 Bxg4 15. hxg4 Qxg4+ 16. Kh1 Ne5 17. Nh2 Qg6 18. Bc2 Nd3 19. Bxd3 Qxd3 20. Nb3 Qxd1 21. Rxd1 Bxf2 22. Ng4 Re2 23. Kg2 Bh4+ 24. Kf3 Ree8 25. Rh1 Be7 26. Be3 f5 27. Nf2 Nc4 28. Bf4 Nxb2 29. Nd4 Bc5 30. Rab1 Na4 31. Nd3 Bb6 32. Nxf5 Rad8 33. Ne5 Nxc3 34. Rb2 Bd4 35. Rd2 c5 36. Nxd4 cxd4 37. Rdh2 Rd5 38. Nd3 h6 39. Rh5 Rxh5 40. Rxh5 g5 41. Be5 Rf8+ 42. Kg4 Kh7 43. Rh2 Rf1 44. Bxd4 Rd1 45. Rh3 Nxa2 46. Bxa7 Nc1 47. Ne5 Ne2 48. Rb3 Kg7 49. Rxb7+ Kf6 50. Nf3 Ra1 51. Rb6+ Kg7 52. Bb8 Ra4+ 53. Kf5 g4 54. Rb7+ Kg8 55. Ne5 Nd4+ 56. Kg6 Ra6+ 57. Kh5 g3 58. Rb2 Nc6 59. Nxc6 Rxc6 60. Bxg3 Kf7 61. Rb5 Rf6 62. Bh4 Rd6 63. Re5 Re6 64. Rd5 Rc6 65. Re5 Re6 66. Rf5+ Ke8 67. Rd5 Rc6 68. Bg3 Ke7 69. Bf4 Rf6 70. Kg4 Ke6 71. Ra5 Rg6+ 72. Kf3 h5 73. Ke4 h4 74. Rh5 h3 75. Rxh3 Rf6 76. Be5 Rf7 77. Rh6+ Kd7 78. Ra6 Ke8 79. Bf6 Rd7 80. Ke5 Kf7 81. Ra8 Rb7 82. Kf5 Rb5+ 83. Be5 Rb7 84. Rd8 Ke7 85. Bf6+ Kf7 86. Rh8 Rd7 87. Ke5 Rd1 88. Rh7+ Kg6 89. Rg7+ Kh5 90. Rg5+ Kh6 91. Ke6 Rf1 92. Kf7 Rf4 93. Rb5 Ra4 94. Bg7+ 1-0

[Event "EU-ch 22nd"]
[Site "Terme Catez"]
[Date "2022.04.05"]
[Round "10"]
[White "Fruebing, Stefan"]
[Black "Ciolek, Andreas"]
[Result "1/2-1/2"]
[WhiteElo "2374"]
[BlackElo "2191"]
[PlyCount "45"]
[EventDate "2022.03.27"]
[EventType "swiss"]
[EventRounds "11"]
[EventCountry "SLO"]
[SourceTitle "CBM 208"]
[Source "ChessBase"]
[SourceDate "2022.06.30"]
[SourceVersion "1"]
[SourceVersionDate "2022.06.30"]
[SourceQuality "1"]

1. e4 c6 2. d4 d5 3. Nd2 dxe4 4. Nxe4 Nf6 5. Nxf6+ exf6 6. Bc4 Bd6 7. Qe2+ Be7 8. Nf3 0-0 9. 0-0 Bd6 10. Re1 a5 11. c3 Na6 12. Qe4 Nc7 13. Bd3 g6 14. Qh4 Be6 15. Bf4 Bxf4 16. Qxf4 Nd5 17. Qh6 Bg4 18. Nd2 b6 19. h3 Be6 20. Bxg6 hxg6 21. Rxe6 fxe6 22. Qxg6+ Kh8 23. Qh6+ 1/2-1/2

[Event "EU-ch 22nd"]
[Site "Terme Catez"]
[Date "2022.03.28"]
[Round "2"]
[White "Fruebing, Stefan"]
[Black "Katkov, Michelle"]
[Result "0-1"]
[WhiteElo "2374"]
[BlackElo "2149"]
[PlyCount "90"]
[EventDate "2022.03.27"]
[EventType "swiss"]
[EventRounds "11"]
[EventCountry "SLO"]
[SourceTitle "CBM 208"]
[Source "ChessBase"]
[SourceDate "2022.06.30"]
[SourceVersion "1"]
[SourceVersionDate "2022.06.30"]
[SourceQuality "1"]

1. e4 e5 2. Nf3 Nc6 3. Bb5 a6 4. Bxc6 dxc6 5. 0-0 Qd6 6. Na3 b5 7. c3 c5 8. Nc2 Bb7 9. Re1 0-0-0 10. a4 b4 11. Ne3 f6 12. Nc4 Qd3 13. Nfxe5 fxe5 14. Nxe5 Qd6 15. Qg4+ Kb8 16. Nf7 Qe7 17. Nxh8 Nf6 18. Qh4 Qe6 19. d3 Be7 20. Bg5 Rxh8 21. e5 Nd5 22. Bxe7 Nxe7 23. cxb4 Nf5 24. Qc4 Qg6 25. g3 Nd4 26. Re3 Qh5 27. Qxc5 Nf3+ 28. Kf1 Nxh2+ 29. Ke1 Nf3+ 30. Rxf3 Qxf3 31. Rc1 Rc8 32. Qe3 Qf7 33. Rc4 Qd5 34. Kd2 Re8 35. f4 g5 36. Kc3 gxf4 37. gxf4 h5 38. Rc5 Qe6 39. Qf2 Qf5 40. e6 Qf6+ 41. Qd4 Qxe6 42. Rxh5 Qe1+ 43. Kc4 Qc1+ 44. Qc3 Qxf4+ 45. Kb3 Qf7+ 0-1

[Event "EU-ch 22nd"]
[Site "Terme Catez"]
[Date "2022.03.27"]
[Round "1"]
[White "Ragger, Markus"]
[Black "Fruebing, Stefan"]
[Result "1-0"]
[WhiteElo "2647"]
[BlackElo "2374"]
[PlyCount "63"]
[EventDate "2022.03.27"]
[EventType "swiss"]
[EventRounds "11"]
[EventCountry "SLO"]
[SourceTitle "CBM 208"]
[Source "ChessBase"]
[SourceDate "2022.06.30"]
[SourceVersion "1"]
[SourceVersionDate "2022.06.30"]
[SourceQuality "1"]

1. e4 e5 2. Nf3 Nc6 3. Bb5 Nf6 4. d3 Bc5 5. c3 0-0 6. 0-0 d6 7. h3 a6 8. Ba4 Ba7 9. Re1 Ne7 10. Nbd2 Ng6 11. d4 Qe7 12. Nf1 Nh5 13. Ne3 Nhf4 14. Nf5 Qf6 15. Bc2 h6 16. g3 Ne6 17. Nh2 exd4 18. cxd4 Ng5 19. Ng4 Qd8 20. h4 Nh7 21. h5 Bxf5 22. exf5 Nh8 23. f6 Nxf6 24. Qd3 g6 25. Nxh6+ Kg7 26. Nf5+ gxf5 27. Qxf5 Bxd4 28. Qg5+ Ng6 29. Qh6+ Kg8 30. hxg6 Bxf2+ 31. Kg2 Bxe1 32. g7 1-0

[Event "Bundesliga 2122"]
[Site "Germany"]
[Date "2022.03.05"]
[Round "1.5"]
[White "Fruebing, Stefan"]
[Black "Berchtenbreiter, Maximilian"]
[Result "0-1"]
[WhiteElo "2374"]
[BlackElo "2513"]
[PlyCount "106"]
[EventDate "2022.03.05"]
[EventType "team-tourn"]
[EventRounds "15"]
[EventCountry "GER"]
[SourceTitle "EXT 2023"]
[Source "ChessBase"]
[SourceDate "2022.10.05"]
[SourceVersion "1"]
[SourceVersionDate "2022.10.05"]
[SourceQuality "1"]
[WhiteTeam "Koenig Tegel"]
[BlackTeam "Muenchen 36"]
[WhiteTeamCountry "GER"]
[BlackTeamCountry "GER"]

1. e4 c6 2. d4 d5 3. Nd2 dxe4 4. Nxe4 Nf6 5. Nxf6+ exf6 6. Bc4 Bd6 7. Qe2+ Be7 8. Nf3 0-0 9. 0-0 Nd7 10. Re1 Re8 11. b3 Nf8 12. Ba3 Be6 13. Bxe7 Rxe7 14. c3 Qa5 15. Qb2 Rae8 16. Bxe6 Nxe6 17. Qd2 g5 18. Re3 Nf4 19. Rae1 Re6 20. Rxe6 Rxe6 21. Rxe6 fxe6 22. Kf1 Qf5 23. Ne1 b5 24. g3 Nd5 25. Nd3 Qf3 26. Kg1 h5 27. c4 bxc4 28. bxc4 Nb6 29. Nc5 h4 30. Qe1 e5 31. Qb1 f5 32. Qc1 h3 33. Qf1 g4 34. dxe5 Qc3 35. Qd1 Qxe5 36. Nd3 Qe4 37. Nf4 Kf7 38. f3 Qe3+ 39. Kf1 gxf3 40. Nxh3 Qh6 41. Nf4 Qxh2 42. Qxf3 Nxc4 43. Qd3 Qh1+ 44. Kf2 Qe4 45. Qd7+ Kf6 46. Qxa7 Ne5 47. Kg1 Ng4 48. Nh5+ Kg5 49. Nf4 Qe1+ 50. Kg2 Ne3+ 51. Kh2 Qf2+ 52. Kh3 Qf1+ 53. Kh2 Ng4# 0-1

[Event "GER-ch Net blitz qual5"]
[Site "Playchess.com INT"]
[Date "2020.03.28"]
[Round "3"]
[White "Fruebing, Stefan"]
[Black "Rott, Georg"]
[Result "1-0"]
[WhiteElo "2406"]
[BlackElo "2149"]
[PlyCount "125"]
[EventDate "2020.03.28"]
[EventType "swiss (blitz)"]
[EventRounds "13"]
[EventCountry "GER"]
[SourceTitle "CBM 195 Extra"]
[Source "ChessBase"]
[SourceDate "2020.05.31"]
[SourceVersion "1"]
[SourceVersionDate "2020.05.31"]
[SourceQuality "1"]

1. e4 e6 2. d4 d5 3. Nd2 c5 4. exd5 Qxd5 5. Ngf3 cxd4 6. Bc4 Qd8 7. 0-0 Nf6 8. Nb3 Nc6 9. Nbxd4 Nxd4 10. Nxd4 a6 11. Re1 Be7 12. c3 0-0 13. Qf3 Qc7 14. Bb3 Rd8 15. Bf4 Bd6 16. Bxd6 Rxd6 17. Rad1 Bd7 18. Qg3 Rc8 19. Re5 Rb6 20. Rde1 h6 21. Qh4 Qd8 22. Qf4 Qf8 23. h3 Rc5 24. Rxc5 Qxc5 25. Qb8+ Qf8 26. Qc7 Qd6 27. Qd8+ Be8 28. Qc8 Qd7 29. Qc5 Qd6 30. Qa5 Bd7 31. Rd1 Qc7 32. Qa3 Rd6 33. Nf3 Rxd1+ 34. Bxd1 Bc6 35. Nd4 Bd5 36. Qb4 Qf4 37. Bf3 Qc1+ 38. Kh2 Qf4+ 39. g3 Qd2 40. Kg2 Bxf3+ 41. Nxf3 Qc2 42. Qxb7 Ne4 43. Qb6 g6 44. Ne5 Kg7 45. Qd4 f6 46. Nd3 e5 47. Qxe4 h5 48. a4 a5 49. Qb7+ Kh6 50. Qe4 f5 51. Qe3+ Kg7 52. Nxe5 Kh7 53. Nf3 Qxb2 54. Ng5+ Kg7 55. h4 Kf8 56. Qc5+ Ke8 57. Qxa5 Qb7+ 58. Nf3 Qc6 59. Qb5 Qxb5 60. axb5 Kd7 61. c4 Kd6 62. Nh2 Kc5 63. Kf3 1-0

[Event "GER-ch Net blitz qual5"]
[Site "Playchess.com INT"]
[Date "2020.03.28"]
[Round "9"]
[White "Koepke, Christian"]
[Black "Fruebing, Stefan"]
[Result "1-0"]
[WhiteElo "2342"]
[BlackElo "2406"]
[PlyCount "67"]
[EventDate "2020.03.28"]
[EventType "swiss (blitz)"]
[EventRounds "13"]
[EventCountry "GER"]
[SourceTitle "CBM 195 Extra"]
[Source "ChessBase"]
[SourceDate "2020.05.31"]
[SourceVersion "1"]
[SourceVersionDate "2020.05.31"]
[SourceQuality "1"]

1. d4 d5 2. Bf4 Nf6 3. e3 c5 4. c3 Nc6 5. Nd2 e6 6. Ngf3 Bd6 7. Bg3 0-0 8. Bd3 Re8 9. Ne5 Qc7 10. f4 b6 11. Bh4 Be7 12. Qf3 Bb7 13. Qh3 g6 14. Bxf6 Bxf6 15. g4 Nxe5 16. fxe5 Bg7 17. 0-0 Rf8 18. g5 Qe7 19. Qg3 a5 20. h4 Ba6 21. Bxa6 Rxa6 22. Nf3 b5 23. Qf4 b4 24. Nh2 bxc3 25. bxc3 Rb6 26. Rf2 c4 27. Ng4 Qa3 28. Nf6+ Kh8 29. h5 Qxc3 30. Raf1 Qd3 31. Rh2 c3 32. h6 c2 33. hxg7+ Kxg7 34. Rxh7# 1-0

[Event "BL2-Nord 1920"]
[Site "Germany"]
[Date "2020.02.09"]
[Round "8.7"]
[White "Luch, Michal"]
[Black "Fruebing, Stefan"]
[Result "1-0"]
[WhiteElo "2399"]
[BlackElo "2416"]
[PlyCount "73"]
[EventDate "2019.10.19"]
[EventType "team-tourn"]
[EventRounds "9"]
[EventCountry "GER"]
[SourceTitle "CBM 194 Extra"]
[Source "ChessBase"]
[SourceDate "2020.03.31"]
[SourceVersion "1"]
[SourceVersionDate "2020.03.31"]
[SourceQuality "1"]
[WhiteTeam "Zehlendorf"]
[BlackTeam "Koenig Tegel"]
[WhiteTeamCountry "GER"]
[BlackTeamCountry "GER"]

1. d4 d5 2. c4 c6 3. Nf3 Nf6 4. Qc2 dxc4 5. Qxc4 Bg4 6. Nbd2 Nbd7 7. g3 e6 8. Bg2 Be7 9. 0-0 0-0 10. h3 Bh5 11. Qb3 Qb6 12. Nc4 Qa6 13. Bd2 Rac8 14. Rac1 c5 15. g4 Bg6 16. Nfe5 b5 17. Qa3 Qxa3 18. Nxa3 b4 19. Nxd7 Nxd7 20. Nb5 cxd4 21. Nxa7 Rxc1 22. Rxc1 Bc5 23. Nc6 b3 24. axb3 f6 25. b4 Bb6 26. Ne7+ Kf7 27. Nc8 Rd8 28. Bb7 d3 29. e3 Kf8 30. f3 Be8 31. Kf2 e5 32. Be4 Bg6 33. Bb7 Bf7 34. Rc3 Be6 35. Be4 h6 36. Rc6 Nc5 37. bxc5 1-0

[Event "BL2-Nord 1920"]
[Site "Germany"]
[Date "2019.12.08"]
[Round "6.5"]
[White "Fruebing, Stefan"]
[Black "Schoene, Ralf"]
[Result "1/2-1/2"]
[WhiteElo "2416"]
[BlackElo "2262"]
[PlyCount "107"]
[EventDate "2019.10.19"]
[EventType "team-tourn"]
[EventRounds "9"]
[EventCountry "GER"]
[SourceTitle "CBM 194 Extra"]
[Source "ChessBase"]
[SourceDate "2020.03.31"]
[SourceVersion "1"]
[SourceVersionDate "2020.03.31"]
[SourceQuality "1"]
[WhiteTeam "Koenig Tegel"]
[BlackTeam "Potsdam Empor"]
[WhiteTeamCountry "GER"]
[BlackTeamCountry "GER"]

1. e4 e5 2. Nf3 Nc6 3. Bc4 Bc5 4. 0-0 Nf6 5. d3 a6 6. c3 Ba7 7. Bb3 d6 8. Re1 h6 9. Nbd2 0-0 10. h3 Nh5 11. Nf1 Qf6 12. Be3 Nf4 13. d4 g6 14. Bxf4 Qxf4 15. Ne3 Qf6 16. Nd5 Qd8 17. Qd2 Kg7 18. Rad1 f6 19. Ne3 h5 20. a3 Bd7 21. Ba2 b5 22. Qd3 a5 23. Bd5 Rb8 24. b4 axb4 25. Bxc6 Bxc6 26. axb4 f5 27. Nd2 Qf6 28. exf5 gxf5 29. dxe5 dxe5 30. Nd5 Bxd5 31. Qxd5 e4 32. Nf1 c6 33. Qd6 Qxd6 34. Rxd6 h4 35. Red1 Rb7 36. Rxc6 Rf6 37. Rdd6 Rxd6 38. Rxd6 Bb8 39. Rc6 Bf4 40. Ne3 Bxe3 41. fxe3 Rd7 42. Rc5 Kf6 43. Rxb5 Rd3 44. Rc5 Rxe3 45. b5 f4 46. Kf2 Rd3 47. Ke2 Rg3 48. Kf1 Rd3 49. Ke2 Rg3 50. Kf1 Rd3 51. Ke1 Re3+ 52. Kf2 Rd3 53. Ke1 Re3+ 54. Kf2 1/2-1/2

[Event "BL2-Nord 1920"]
[Site "Germany"]
[Date "2019.10.20"]
[Round "2.5"]
[White "Luckow, Rolf"]
[Black "Fruebing, Stefan"]
[Result "0-1"]
[WhiteElo "2220"]
[BlackElo "2416"]
[PlyCount "114"]
[EventDate "2019.10.19"]
[EventType "team-tourn"]
[EventRounds "9"]
[EventCountry "GER"]
[SourceTitle "CBM 194 Extra"]
[Source "ChessBase"]
[SourceDate "2020.03.31"]
[SourceVersion "1"]
[SourceVersionDate "2020.03.31"]
[SourceQuality "1"]
[WhiteTeam "Kiel Turm II"]
[BlackTeam "Koenig Tegel"]
[WhiteTeamCountry "GER"]
[BlackTeamCountry "GER"]

1. b3 e5 2. Bb2 Nc6 3. e3 Nf6 4. c4 d5 5. cxd5 Nxd5 6. Nc3 Ndb4 7. a3 Nd3+ 8. Bxd3 Qxd3 9. Qb1 Qd7 10. Qc2 Qg4 11. Qe4 Qxe4 12. Nxe4 Bf5 13. f3 0-0-0 14. Bc3 a5 15. Ne2 Be6 16. Nc1 Be7 17. d3 h5 18. Ke2 Rh6 19. Nf2 Rd5 20. Kd2 h4 21. g4 Rb5 22. a4 Rb6 23. Rb1 Ba3 24. Bb2 Bb4+ 25. Ke2 f6 26. Ne4 Ne7 27. d4 f5 28. gxf5 Nxf5 29. dxe5 Rg6 30. Bd4 Rc6 31. Kd3 Rg2 32. Ne2 g5 33. Rhg1 Rxh2 34. Rxg5 Be7 35. Nf6 h3 36. Nf4 Nh4 37. Nxe6 Rxe6 38. Rg8+ Bd8 39. f4 Nf3 40. Rh8 Rc6 41. Rb2 Rh1 42. Ke4 Rf1 43. Rxh3 Nxd4 44. Kxd4 Rxf6 45. Rh8 Rd1+ 46. Ke4 Rb6 47. Kf5 Kd7 48. Rc2 Be7 49. Rc4 c5 50. Rc3 Rc6 51. Ke4 Rb6 52. Rh7 Ke8 53. f5 Rb4+ 54. Rc4 Rxb3 55. f6 Bf8 56. e6 Rd6 57. e7 Rxf6 0-1

[Event "Bremen Wild"]
[Site "Bremen"]
[Date "2019.09.15"]
[Round "4"]
[White "Fruebing, Stefan"]
[Black "Breutigam, Martin"]
[Result "1-0"]
[WhiteElo "2410"]
[BlackElo "2383"]
[PlyCount "45"]
[EventDate "2019.09.13"]
[EventType "tourn"]
[EventRounds "5"]
[EventCountry "GER"]
[EventCategory "7"]
[SourceTitle "EXT 2020"]
[Source "ChessBase"]
[SourceDate "2019.10.17"]
[SourceVersion "1"]
[SourceVersionDate "2019.10.17"]
[SourceQuality "1"]

1. e4 e5 2. Nf3 Nc6 3. Bc4 Nf6 4. d3 d5 5. exd5 Nxd5 6. 0-0 Bc5 7. Re1 0-0 8. Nbd2 Nb6 9. Bb3 a5 10. a4 Bg4 11. h3 Bh5 12. c3 Qxd3 13. Nxe5 Qg3 14. Qxh5 Bxf2+ 15. Kh1 Bxe1 16. Nxf7 Rxf7 17. Qxf7+ Kh8 18. Nf3 Ne5 19. Nxe5 Qxe5 20. Bf4 Qe2 21. Bxc7 Nd7 22. Qxd7 Rf8 23. Kh2 1-0

[Event "BL2-Nord 1819"]
[Site "Germany"]
[Date "2019.03.24"]
[Round "10.5"]
[White "Sroczynski, Maciej"]
[Black "Fruebing, Stefan"]
[Result "1/2-1/2"]
[WhiteElo "2300"]
[BlackElo "2409"]
[PlyCount "54"]
[EventDate "2018.11.10"]
[EventType "team-tourn"]
[EventRounds "10"]
[EventCountry "GER"]
[SourceTitle "CBM 190 Extra"]
[Source "ChessBase"]
[SourceDate "2019.07.15"]
[SourceVersion "1"]
[SourceVersionDate "2019.07.15"]
[SourceQuality "1"]
[WhiteTeam "Ruedersdorf Glueckauf"]
[BlackTeam "Berlin Tegel"]
[WhiteTeamCountry "GER"]
[BlackTeamCountry "GER"]

1. d4 d5 2. Nf3 Nf6 3. c4 c6 4. Qc2 dxc4 5. Qxc4 Bg4 6. Nbd2 Nbd7 7. g3 e6 8. Bg2 Be7 9. 0-0 0-0 10. b3 Rc8 11. Bb2 b5 12. Qc2 c5 13. Rac1 Qb6 14. e4 Qa6 15. Qd3 c4 16. bxc4 bxc4 17. Nxc4 Bxf3 18. Bxf3 Nb6 19. Ne5 Qxa2 20. Qb5 Rxc1 21. Rxc1 Ba3 22. Bxa3 Qxa3 23. Qc5 Qb2 24. Rc2 Qb1+ 25. Rc1 Qb2 26. Rc2 Qb1+ 27. Rc1 Qb2 1/2-1/2

[Event "Heusenstamm Sparkassen op-A 5th"]
[Site "Heusenstamm"]
[Date "2018.11.24"]
[Round "4"]
[White "Fruebing, Stefan"]
[Black "Nikolov, Momchil"]
[Result "0-1"]
[WhiteElo "2406"]
[BlackElo "2560"]
[PlyCount "128"]
[EventDate "2018.11.22"]
[EventType "swiss"]
[EventRounds "7"]
[EventCountry "GER"]
[SourceTitle "CBM 188 Extra"]
[Source "ChessBase"]
[SourceDate "2019.02.26"]
[SourceVersion "1"]
[SourceVersionDate "2019.02.26"]
[SourceQuality "1"]

1. e4 c5 2. Nf3 e6 3. d4 cxd4 4. Nxd4 a6 5. Nc3 d6 6. Be2 b5 7. a3 Bb7 8. f4 Nd7 9. Bf3 Qc7 10. Qe2 Rc8 11. 0-0 Ngf6 12. Kh1 Be7 13. e5 Bxf3 14. Nxf3 dxe5 15. fxe5 Ng4 16. Bf4 Qc4 17. Qxc4 Rxc4 18. Nd2 Rc6 19. Nf3 Rc4 20. Nd2 Rc6 21. Nf3 g5 22. Nxg5 Ngxe5 23. Rae1 Nc4 24. Nd1 Rg8 25. Nf3 Rc5 26. Bc1 Nce5 27. Nc3 Nxf3 28. Rxf3 h5 29. Re2 Rg4 30. h3 Rgc4 31. Bd2 Re5 32. Ref2 f5 33. b4 Nf6 34. Rd3 Ne4 35. Nxe4 Rexe4 36. Bc3 h4 37. Kg1 Bg5 38. Kf1 Ke7 39. Rff3 Rc6 40. Bd2 Bxd2 41. Rxd2 Rec4 42. Rfd3 Rc3 43. Rd7+ Kf6 44. R7d3 Rxd3 45. Rxd3 e5 46. a4 bxa4 47. Ra3 Rxc2 48. Rxa4 Rc6 49. Ra5 Rb6 50. Ke2 e4 51. Kf2 Kg5 52. Ke3 Rxb4 53. Rxa6 Rb3+ 54. Kf2 Rb2+ 55. Kf1 Kf4 56. Ra8 Ke3 57. Ra3+ Kd2 58. Kf2 f4 59. Ra1 Rc2 60. Rb1 Ra2 61. Re1 e3+ 62. Kf1 Rc2 63. Re2+ Kc3 64. Re1 Kb2 0-1

[Event "Heusenstamm Sparkassen op-A 5th"]
[Site "Heusenstamm"]
[Date "2018.11.23"]
[Round "3"]
[White "Goossens, Hanne"]
[Black "Fruebing, Stefan"]
[Result "0-1"]
[WhiteElo "2176"]
[BlackElo "2406"]
[PlyCount "42"]
[EventDate "2018.11.22"]
[EventType "swiss"]
[EventRounds "7"]
[EventCountry "GER"]
[SourceTitle "CBM 188 Extra"]
[Source "ChessBase"]
[SourceDate "2019.02.26"]
[SourceVersion "1"]
[SourceVersionDate "2019.02.26"]
[SourceQuality "1"]

1. e4 e5 2. Nf3 Nc6 3. Bc4 Bc5 4. c3 Nf6 5. d3 0-0 6. 0-0 d5 7. exd5 Nxd5 8. Nbd2 a6 9. Ne4 Ba7 10. b4 Bf5 11. Bg5 f6 12. Bd2 Kh8 13. Nh4 Be6 14. Qh5 Qe8 15. Qf3 Rd8 16. Bb3 Qd7 17. Qg3 g5 18. Bxg5 fxg5 19. Qxg5 Nf4 20. Nf6 Qe7 21. Nxh7 Kxh7 0-1